书目信息 |
| 题名: |
数字化制造实训基础教程
|
|
| 作者: | 唐承统 , 姜巍巍 主编 | |
| 分册: | ||
| 出版信息: | 北京 北京理工大学出版社 2006.05 |
|
| 页数: | 246页 | |
| 开本: | 23cm | |
| 丛书名: | 工程训练系列规划教材 | |
| 单 册: | ||
| 中图分类: | TH122 | |
| 科图分类: | ||
| 主题词: | 机械设计--ji xie she ji--计算机辅助制造--应用软件--教材 , 机械设计--ji xie she ji--计算机辅助设计--应用软件--教材 | |
| 电子资源: | ||
| ISBN: | 7-5640-0666-8 | |
| 000 | 01255nam 2200301 450 | |
| 001 | 012006718916 | |
| 005 | 20070611110016.01 | |
| 010 | @a7-5640-0666-8@dCNY28.00 (含光盘) | |
| 100 | @a20061215d2006 km y0chiy0120 ea | |
| 101 | 0 | @achi |
| 102 | @aCN@b110000 | |
| 105 | @aa a 000yy | |
| 200 | 1 | @a数字化制造实训基础教程@Ashu zi hua zhi zao shi xun ji chu jiao cheng@e基于UG@f唐承统, 姜巍巍主编@Ftang cheng tong,jiang wei wei zhu bian |
| 210 | @a北京@c北京理工大学出版社@d2006.05 | |
| 215 | @a246页@c图@d23cm@e光盘1片 | |
| 225 | 2 | @a工程训练系列规划教材@Agong cheng xun lian xi lie gui hua jiao cai |
| 307 | @a光盘 ISBN : 7-900694-06-4 | |
| 320 | @a有书目 (第245-246页)。 | |
| 330 | @a本书以机械产品CAD、CAM和数控加工为主线,介绍数控编程和数控加工工艺规划基本知识,基于UG NX,着重描述其基本功能以及产品数字化设计、制造过程,包括数控铣床操作技术和加工实例。 | |
| 410 | 0 | @12001 @a工程训练系列规划教材 |
| 517 | 1 | @a基于UG@Aji yu UG |
| 606 | 0 | @a机械设计@Aji xie she ji@x计算机辅助制造@x应用软件@j教材 |
| 606 | 0 | @a机械设计@Aji xie she ji@x计算机辅助设计@x应用软件@j教材 |
| 690 | @aTH122@v4 | |
| 701 | 0 | @a唐承统@Atang cheng tong@4主编 |
| 701 | 0 | @a姜巍巍@Ajiang wei wei@4主编 |
| 801 | 0 | @aCN@c20070611 |
| 905 | @a10447@dTG659@eT236 | |
| 数字化制造实训基础教程:基于UG/唐承统, 姜巍巍主编.-北京:北京理工大学出版社,2006.05 |
| 246页:图;23cm+光盘1片.-(工程训练系列规划教材) |
| ISBN 7-5640-0666-8:CNY28.00 (含光盘) |
| 本书以机械产品CAD、CAM和数控加工为主线,介绍数控编程和数控加工工艺规划基本知识,基于UG NX,着重描述其基本功能以及产品数字化设计、制造过程,包括数控铣床操作技术和加工实例。 |
| ● |
| 相关链接 |
|
|
|
正题名:数字化制造实训基础教程
索取号:TG659/T236
 
预约/预借
| 序号 | 登录号 | 条形码 | 馆藏地/架位号 | 状态 | 备注 |
| 1 | 232099 | 202320997 | 自科库501/501自科库 28排3列3层/ [索取号:TG659/T236] | 在馆 | |
| 2 | 232100 | 202321004 | 自科库501/501自科库 28排3列3层/ [索取号:TG659/T236] | 在馆 |